Countries: Romanian to English - Statistics

General Stats
  • This quiz has been taken 763 times
    761 since last reset
  • The average score is 19 of 20
Answer Stats
Hint Answer % Correct
România Romania
100%
Noua Zeelanda New Zealand
99%
Finlanda Finland
98%
Kenia Kenya
98%
Brazilia Brazil
97%
Franţa France
97%
Ungaria Hungary
97%
Portugalia Portugal
97%
Siria Syria
97%
Polonia Poland
96%
Statele Unite ale Americii USA
96%
Uzbekistanul Uzbekistan
96%
Danemarca Denmark
95%
Indonezia Indonesia
95%
Tailanda Thailand
95%
Yemenul Yemen
95%
Etiopia Ethiopia
93%
Azerbaidjan Azerbaijan
92%
Camerun Cameroon
89%
Sfânt Nevis și Cristofor St Kitts and Nevis
63%
No matching quizzes found
Score Distribution
Percent of People with Each Score
Percentile by Number Answered
Your Score History
You have not taken this quiz since the last reset